000
00187 a2200097 4500
020
_a
9780439437493
041
_a
spa
100
_a
Audrey Penn
245
_a
Un beso en mi mano
942
_c
BK
999
_c
29179
_d
29177